01010ngm a2200289 i 4500003001000000005001700010007001000027008004100037020001500078040003500093041000800128082002100136110003500157245009000192250002200282264004500304300004700349336005700396337002300453338003100476650005300507650004700560650004500607700004000652942001300692999001500705CO-BoRNBP20220317000209.0gc ad a 141031s2005 ck g s00 0 spa d a1587382776 aCO-BoRNBPbspacCO-BoRNBPerda0 hspa04a560.17bD37t2232 aDiscovery Channel School9831010aEn el tiempo de los dinosaurioscDiscovery Channel School ; productor Laurie Mcguckin aPrimera edición 1aBogotá, ColombiabMS Tv & Videosc2005 a1 DVD (90 minutos)bdigital, sonidoc12 cm aimagen en movimiento bidimensional btdi2rdacontent avideobv2rdamedia avideodiscobvd2rdacarrier17aAnimales extintosxEnseñanza elemental2ARMARC17aDinosauriosxEnseñanza elemental2ARMARC17aFósilesxEnseñanza elemental2ARMARC1 aMcguckin, Laurieeproductor9204808 2ddccDVD c3367d3367